000 00291nam a22001331a 4500
082 _aH 294.3
_bVIM/M
100 _aVimalkirti
245 _aMilindapanhapali/
_cby Vimalkirti
260 _aDelhi:
_bRahul,
_c2000.
300 _a295p.
650 _aBuddhism
650 _aReligion
942 _cBK
999 _c28911
_d28911